[Event "BL9394 (Women)"]
[Site "Germany"]
[Date "1994.??.??"]
[Round "?"]
[White "Baginskaite, Kamile"]
[Black "Juergens, Vera"]
[Result "1-0"]
[WhiteElo "2330"]
[BlackElo "2340"]

1.d4 d5 2.c4 c6 3.Nf3 Nf6 4.Nc3 a6 5.g3 Bf5 6.Bg2 e6 7.O-O Bd6 8.Qb3 b5 9.cxb5 cxb5
10.Bg5 b4 11.Bxf6 Qxf6 12.Nxd5 exd5 13.Qxd5 Ra7 14.e4 Bxe4 15.Qxe4+ Re7 16.Qd3 O-O
17.Rfe1 Rfe8 18.Rxe7 Rxe7 19.Rc1 g6 20.h4 h6 21.Ne5 Bxe5 22.Rc8+ Kg7 23.dxe5 Qb6
24.Qd6 Qxd6 25.exd6 Re1+ 26.Kh2 Nd7 27.Bh3 Ne5 28.d7 Nxd7 29.Bxd7 Re2 30.b3 Rxf2+
31.Kg1 Rxa2 32.Rc4 a5 33.Rc5 Rd2 34.Ba4 f5 35.Rxa5 Kf6 36.Ra6+ Kf7 37.Bb5 Rd4
38.Bc4+ Kg7 39.Kf2 g5 40.hxg5 hxg5 41.Rb6  1-0

[Event "Graz op"]
[Site "Graz"]
[Date "1994.??.??"]
[Round "1"]
[White "Lazarev, Vladimir"]
[Black "Waller, Helmut"]
[Result "0-1"]
[WhiteElo "2435"]
[BlackElo "2150"]

1.d4 d5 2.c4 c6 3.Nf3 Nf6 4.Nc3 a6 5.c5 Bg4 6.Qb3 Qc8 7.Ne5 Bf5 8.h3 e6 9.Bf4 h6
10.e3 Nbd7 11.Be2 Be7 12.Na4 O-O 13.g4 Be4 14.f3 Bh7 15.g5 hxg5 16.Bxg5 Bd8
17.Rg1 Nxe5 18.dxe5 Nd7 19.f4 Ba5+ 20.Kf2 f6 21.exf6 Nxf6 22.Bxf6 Rxf6 23.Rg5 Qc7
24.Rag1 Rf7 25.Bd3 Rxf4+ 26.exf4 Qxf4+ 27.Ke2 Qd2+ 28.Kf3 Bxd3 29.Rxg7+ Kh8
30.Qxb7 Rf8+ 31.Kg4 Qf4+ 32.Kh5 Be2+  0-1

[Event "Graz op"]
[Site "Graz"]
[Date "1994.??.??"]
[Round "3"]
[White "Lazarev, Vladimir"]
[Black "Halser, Walter"]
[Result "1-0"]
[WhiteElo "2440"]
[BlackElo "2195"]

1.d4 d5 2.c4 c6 3.Nf3 Nf6 4.Nc3 a6 5.a4 Ne4 6.a5 e6 7.Qb3 Bd6 8.g3 Bc7 9.Qa3 Nd6
10.cxd5 exd5 11.b4 O-O 12.Bg2 f5 13.O-O Nd7 14.Bf4 Nf6 15.Na4 Qe8 16.Qd3 Qh5
17.Nc5 Nfe4 18.Be5 g5 19.e3 g4 20.Ne1 Bd8 21.f3 gxf3 22.Bxf3 Qg6 23.Qe2 Bf6
24.Bxf6 Rxf6 25.Ned3 Nf7 26.Bh5 Qg7 27.Rac1 Nfd6 28.Ne5 Be6 29.Rc2 Raf8 30.Qd1 Bc8
31.Rg2 Rh6 32.g4 Kh8 33.gxf5 Qe7 34.Bg4 Bxf5  1-0

[Event "Graz op"]
[Site "Graz"]
[Date "1994.??.??"]
[Round "5"]
[White "Cebalo, Miso"]
[Black "Stajcic, Nikola"]
[Result "1-0"]
[WhiteElo "2485"]
[BlackElo "2350"]

1.d4 d5 2.c4 c6 3.Nf3 Nf6 4.Nc3 a6 5.Ne5 e6 6.Bg5 dxc4 7.Nxc4 b5 8.Ne5 Bb7
9.Rc1 Be7 10.e3 Nbd7 11.Be2 Nxe5 12.dxe5 Nd7 13.Bxe7 Qxe7 14.f4 Rd8 15.Qc2 c5
16.O-O O-O 17.a4 b4 18.Ne4 Bxe4 19.Qxe4 a5 20.Bf3 Rc8 21.Qb7 Rfe8 22.Rfd1 Nb8
23.Qb5 g5 24.Rd6 gxf4 25.exf4 f6 26.Qc4 Kh8 27.Rcd1 fxe5 28.fxe5 Qg5 29.Re1 Rf8
30.Qxe6 c4 31.Qg4 Qe7 32.Qd4 c3 33.bxc3 Rxc3 34.e6+ Kg8 35.h4 Rcxf3 36.gxf3  1-0

[Event "Graz op"]
[Site "Graz"]
[Date "1994.??.??"]
[Round "7"]
[White "Liedl, Wolfgang"]
[Black "Simic, Dragan"]
[Result "0-1"]
[WhiteElo "2230"]
[BlackElo "2255"]

1.d4 d5 2.c4 c6 3.Nf3 Nf6 4.Nc3 a6 5.e3 b5 6.cxd5 cxd5 7.Bd3 e6 8.Ne5 Be7
9.O-O Bb7 10.Bd2 O-O 11.f4 Ne4 12.Be1 f6 13.Ng4 f5 14.Ne5 Nd7 15.g4 Nxe5
16.fxe5 Bg5 17.Qe2 fxg4 18.Bg3 Qd7 19.Bf4 Bxf4 20.exf4 b4 21.Nd1 h5 22.Ne3 g6
23.Rac1 a5 24.Kh1 Rac8 25.Rxc8 Rxc8 26.Rg1 Rf8 27.h3 Rxf4 28.hxg4 h4 29.g5 Ng3+
30.Rxg3 hxg3 31.Ng4 Rxg4 32.Qxg4 Qh7+  0-1

[Event "Graz op"]
[Site "Graz"]
[Date "1994.??.??"]
[Round "7"]
[White "Lazarev, Vladimir"]
[Black "Stajcic, Nikola"]
[Result "1/2-1/2"]
[WhiteElo "2435"]
[BlackElo "2350"]

1.d4 d5 2.c4 c6 3.Nf3 Nf6 4.Nc3 a6 5.g3 dxc4 6.a4 e6 7.Ne5 c5 8.dxc5 Qc7
9.Nxc4 Bxc5 10.Be3 Bxe3 11.Nxe3 Bd7 12.Bg2 Bc6 13.O-O Bxg2 14.Nxg2 O-O 15.Qc2  1/2-1/2

[Event "GRE-ch"]
[Site "?"]
[Date "1994.??.??"]
[Round "5"]
[White "Lirindzakis, Timotheos"]
[Black "Skalkotas, Nikolaos"]
[Result "1/2-1/2"]
[WhiteElo "2395"]
[BlackElo "2325"]

1.Nf3 Nf6 2.c4 c6 3.Nc3 d5 4.d4 a6 5.cxd5 cxd5 6.Bf4 Nc6 7.Ne5 Bd7 8.e3 e6
9.Bd3 Bb4 10.Rc1 Nxe5 11.Bxe5 Rc8 12.Qb3 Qa5 13.O-O Ke7 14.a3 Bxc3 15.bxc3 Bc6
16.f3 Rhd8 17.e4 Bb5 18.Qb2 Ne8 19.Rc2 Qa4 20.Rb1 g6 21.Bg3 dxe4 22.fxe4 Rxd4
23.cxd4 Rxc2 24.Qb4+ Qxb4 25.Rxb4 Rc4 26.Rxb5 Rxd4 27.Rxb7+ Rd7 28.Rxd7+ Kxd7
29.Kf2 Kc6 30.Ke3 e5 31.Be1 Kb6  1/2-1/2

[Event "Groningen op"]
[Site "Groningen"]
[Date "1994.??.??"]
[Round "1"]
[White "Akesson, Ralf"]
[Black "Van der Wal, Jannes"]
[Result "0-1"]
[WhiteElo "2460"]
[BlackElo "2275"]

1.Nf3 d5 2.d4 Nf6 3.c4 c6 4.Nc3 a6 5.c5 Nbd7 6.Bf4 g6 7.e3 Bg7 8.Be2 Nh5
9.Bg5 h6 10.Bh4 g5 11.Nd2 gxh4 12.Bxh5 e5 13.Nb3 Qg5 14.g3 exd4 15.exd4 O-O
16.f4 Qf5 17.Bg4 Qg6 18.Bh5 Qf5 19.Bg4 Qh7 20.O-O hxg3 21.hxg3 Qg6 22.Kg2 Nf6
23.Bxc8 Raxc8 24.f5 Qg5 25.Qf3 Rfe8 26.Rae1 Ng4 27.Kg1 Bf6 28.Nd1 Kg7 29.Nf2 Nxf2
30.Kxf2 h5 31.Rh1 Rxe1 32.Rxe1 Qg4 33.Qxg4+ hxg4 34.Ke3 Re8+ 35.Kd2 Rxe1
36.Kxe1 Kh6 37.Ke2 Kg5 38.Kd3 Bd8 39.Nd2 Kxf5 40.Nb3 Bc7 41.Ke3 Bxg3 42.Na5 Bf4+
43.Ke2 Bc7 44.Nxb7 Ke6  0-1

[Event "Groningen op"]
[Site "Groningen"]
[Date "1994.??.??"]
[Round "3"]
[White "Van Laatum, Gozewijn"]
[Black "Van der Wal, Jannes"]
[Result "0-1"]
[WhiteElo "2410"]
[BlackElo "2275"]

1.d4 d5 2.c4 c6 3.Nf3 Nf6 4.Nc3 a6 5.e3 b5 6.cxb5 axb5 7.Bd3 Bg4 8.Qc2 Na6
9.Qb3 Bxf3 10.gxf3 e6 11.Bd2 Bd6 12.a4 O-O 13.O-O b4 14.Ne2 c5 15.Bxa6 Rxa6
16.dxc5 Bxc5 17.Rfc1 Bd6 18.Qd3 Ra8 19.Nd4 Nd7 20.Qe2 Qh4 21.f4 Nf6 22.Rc6 Rfd8
23.a5 Kh8 24.f3 g5 25.fxg5 Qxg5+ 26.Kh1 Qe5 27.Be1 Nh5 28.Bh4 Rg8 29.Qf2 Bb8
30.f4 Qe4+ 31.Qf3 Qxf3+ 32.Nxf3 Ba7 33.Nd4 Rg6 34.Ra6 Rgg8 35.Rg1 Bxd4 36.Rxg8+ Rxg8
37.exd4 Kg7 38.Rb6 Nxf4 39.a6 Rc8 40.Kg1 Rc1+ 41.Kf2 Nd3+ 42.Ke3 Nxb2 43.Rxb4 Nc4+
44.Kf4 Rf1+  0-1

[Event "Groningen"]
[Site "Groningen"]
[Date "1994.??.??"]
[Round "8"]
[White "Georgiev, Kiril"]
[Black "Hodgson, Julian M"]
[Result "1-0"]
[WhiteElo "2615"]
[BlackElo "2580"]

1.d4 Nf6 2.Nf3 d5 3.c4 c6 4.Nc3 a6 5.c5 Bf5 6.Bf4 e6 7.e3 Be7 8.h3 Nbd7 9.Be2 Ne4
10.O-O O-O 11.Qb3 Qc8 12.Rfd1 Re8 13.Na4 h6 14.Ne5 Nef6 15.Rac1 Bd8 16.Nb6 Bxb6
17.cxb6 Nxe5 18.Bxe5 Qd8 19.Bc7 Qe7 20.Bf1 Nd7 21.Qa4 Qg5 22.Kh1 Qh4 23.Rd2 e5
24.Qd1 e4 25.b4 Re6 26.Qe1 Qg5 27.Be2 Qe7 28.Rb2 Nf6 29.Qc3 Ne8 30.Bg3 Nd6
31.Qc5 Rg6 32.a4 Rd8 33.Rbc2 Be6 34.Kh2 Qg5 35.Rg1 Nc4 36.Bf4 Qh4 37.Bg3 Qg5
38.h4 Qf6 39.Rf1 Bg4 40.Bxc4 dxc4 41.Qxc4 Rd5 42.Rh1 Qd8 43.a5 Qe7 44.Qb3 Be6
45.Qb1 Rh5 46.Rc5 Bd5 47.Qd1 Rf5 48.h5 Rgg5 49.Kg1 Qe6 50.Bf4 Bb3 51.Qb1 Rxc5
52.dxc5 Rf5 53.Rh4 Qc4 54.b5 Qd3 55.Qxd3 exd3 56.bxa6 d2 57.axb7 d1=Q+ 58.Kh2 Rxh5
59.b8=Q+ Kh7 60.Bg3 g5 61.b7 Bd5 62.e4  1-0

[Event "Groningen op"]
[Site "Groningen"]
[Date "1994.??.??"]
[Round "9"]
[White "Grabuzova, Tatiana"]
[Black "Zhukova, Natalia"]
[Result "1-0"]
[WhiteElo "2380"]
[BlackElo "2225"]

1.d4 d5 2.c4 c6 3.Nf3 Nf6 4.Nc3 a6 5.c5 Nbd7 6.Bf4 Nh5 7.e3 Nxf4 8.exf4 g6
9.g3 Bg7 10.Bg2 O-O 11.O-O Re8 12.Re1 f6 13.Bh3 Nf8 14.Bxc8 Qxc8 15.Qb3 Nd7
16.Re2 Qc7 17.Rae1 Kf8 18.Na4 Rab8 19.Nb6 Nxb6 20.cxb6 Qd7 21.Re6 Rbc8 22.Qe3 Qd8
23.f5 g5 24.g4 Qxb6 25.Rxe7 Qd8 26.Rxe8+ Qxe8 27.Qa3+ Kf7 28.Rxe8 Rxe8 29.Qb4 Re7
30.Qb6 Rd7 31.b4 Bf8 32.a4 Be7 33.b5 Bd8 34.Qc5 Be7 35.Qb6 Bd8 36.Qa7 axb5
37.axb5 Rc7 38.Qb8 Ke7 39.bxc6 bxc6 40.Ne1  1-0

[Event "Groningen"]
[Site "Groningen"]
[Date "1994.??.??"]
[Round "10"]
[White "Van Wely, Loek"]
[Black "Hodgson, Julian M"]
[Result "1/2-1/2"]
[WhiteElo "2560"]
[BlackElo "2580"]

1.d4 Nf6 2.c4 c6 3.Nc3 d5 4.Nf3 a6 5.c5 Bg4 6.Qb3 Ra7 7.h3 Bxf3 8.exf3 e5
9.dxe5 Nfd7 10.f4 Nxc5 11.Qd1 d4 12.Nb1 Qd5 13.Nd2 Nbd7 14.Qf3 Nb6 15.Qxd5 Nxd5
16.Nf3 d3 17.Be3 Nxe3 18.fxe3 Ne4  1/2-1/2

[Event "Hamburg-ch"]
[Site "Hamburg"]
[Date "1994.??.??"]
[Round "7"]
[White "Reddmann, Hauke"]
[Black "Meyer, Falko"]
[Result "1/2-1/2"]
[WhiteElo "2285"]
[BlackElo "2260"]

1.d4 d5 2.Nf3 Nf6 3.c4 c6 4.Nc3 a6 5.Qb3 dxc4 6.Qxc4 b5 7.Qd3 e6 8.Bg5 h6
9.Bh4 Nbd7 10.e4 Qa5 11.Be2 c5 12.O-O cxd4 13.Nxd4 Bb7 14.Bxf6 Nxf6 15.e5 Nd5
16.Bf3 b4 17.Nxd5 Bxd5 18.Nb3 Qb6 19.Bxd5 Rd8 20.Rac1 exd5 21.e6 Be7 22.exf7+ Kxf7
23.Nd4 Bf6 24.Rfd1 Bxd4 25.Qxd4 Qxd4 26.Rxd4 Rhe8 27.Rxb4 Re2 28.Kf1 Rde8
29.g3 Rd2 30.Rc7+ Re7 31.Rxe7+ Kxe7 32.Rb6 d4 33.Ke1 Rc2 34.Rxa6 Rxb2 35.Ra7+ Kf6
36.Rd7 Rxa2 37.Rxd4 h5 38.Kf1 g6 39.Kg2 Ra3 40.Rd6+ Kf5 41.Rd5+ Kf6 42.h3 Ra6
43.g4 hxg4 44.hxg4 g5 45.Kf3 Re6 46.Rd4 Rb6 47.Ke4 Ra6 48.f3 Re6+ 49.Kd3 Rc6
50.Rd5 Ra6 51.Rf5+ Kg6 52.Rc5 Kf6 53.Kd4 Re6 54.Rc3 Ra6 55.Kd5 Ra5+ 56.Kd6 Ra6+
57.Rc6 Rxc6+ 58.Kxc6 Ke6 59.Kc7  1/2-1/2

[Event "Hania op"]
[Site "Hania"]
[Date "1994.??.??"]
[Round "7"]
[White "Nikolaidis, Ioannis"]
[Black "Delchev, Aleksander"]
[Result "1/2-1/2"]
[WhiteElo "2460"]
[BlackElo "2490"]

1.d4 d5 2.c4 c6 3.Nf3 Nf6 4.Nc3 a6 5.g3 b5 6.c5 Bf5 7.Bg2 Qc8 8.h3 h6 9.Bf4 Nbd7
10.g4 Bh7 11.Ne5 e6 12.O-O Be7 13.b4 O-O 14.a4 Nxe5 15.dxe5 Ne4 16.Bxe4 dxe4
17.Qc2 e3 18.Qb3 exf2+ 19.Rxf2 Qb7 20.axb5 Qxb5 21.Ra5  1/2-1/2

[Event "Harkany op"]
[Site "Harkany"]
[Date "1994.??.??"]
[Round "1"]
[White "Krizsany, Laszlo"]
[Black "Svobodova, Michaela"]
[Result "1-0"]
[WhiteElo "2395"]
[BlackElo "2070"]

1.d4 d5 2.c4 c6 3.Nc3 Nf6 4.Nf3 a6 5.c5 g6 6.Bf4 Bg7 7.h3 Nbd7 8.e3 O-O 9.Be2 Ne4
10.O-O f5 11.Na4 Qa5 12.b4 Qxb4 13.Bc7 e5 14.Rb1 Qa3 15.Qc2 exd4 16.exd4 Re8
17.Ba5 Ndxc5 18.dxc5 Nxc5 19.Nxc5 Qxa5 20.Nxb7 Bxb7 21.Rxb7 c5 22.Rd7 Rab8
23.Rxd5 Rb2 24.Qc4 Kh8 25.Rxc5 Qxa2 26.Rc8 Qxc4 27.Rxe8+ Qg8 28.Rxg8+ Kxg8
29.Bxa6 Bf6 30.Rd1 Kg7 31.g4 fxg4 32.hxg4 Rb4 33.Bc8 h5 34.gxh5 gxh5 35.Kg2 Kg6
36.Rd5 Rb2 37.Bf5+ Kf7 38.Rd7+ Be7 39.Rc7 Kf6 40.Bg6 Bd8 41.Rc6+ Ke7 42.Ne5 h4
43.Bf5 Bb6 44.Nd3 Rb5 45.Be4 Kd7 46.Rh6 Rg5+ 47.Kf3  1-0

[Event "Harkany op"]
[Site "Harkany"]
[Date "1994.??.??"]
[Round "9"]
[White "Szirmai, Eduard"]
[Black "Waller, Helmut"]
[Result "1/2-1/2"]
[WhiteElo "2245"]
[BlackElo "2150"]

1.d4 d5 2.c4 c6 3.Nc3 Nf6 4.Nf3 a6 5.c5 Bf5 6.Bf4 Nbd7 7.e3 e6 8.h3 Be7 9.Bd3 Bxd3
10.Qxd3 O-O 11.O-O Re8 12.b4 Bf8 13.a4 h6 14.Rfb1 b5 15.Ra2 Qc8 16.Rba1 Qb7
17.Ra3 Rec8 18.Qc2 Ne4 19.Nd2 Nxc3 20.Qxc3 f6 21.Nb3 bxa4 22.Rxa4 Be7 23.Qd3 e5
24.Bg3 Rab8 25.Qf5 Ra8 26.Qe6+ Kf8 27.dxe5 Nxe5 28.Bxe5 fxe5 29.Qxe5 Bf6
30.Qf5 Kg8 31.Nd4 Re8 32.Qd3 Bxd4 33.exd4 Rab8 34.Qg3 Qb5 35.R1a3 Re1+ 36.Kh2 Rf8
37.Qd3 Qb8+ 38.Qg3 Qb5 39.Ra1 Rxa1 40.Rxa1 Qxb4 41.Rxa6 Qxd4 42.Rxc6 Qxf2
43.Qxf2 Rxf2 44.Rd6 Rd2 45.c6 Rc2 46.Kg3 Kf7 47.Rd7+ Kf6 48.c7 g5 49.Kf3 Ke5
50.Rh7 d4 51.Rxh6 Rxc7 52.Ra6 Kf5 53.Rd6 Rc3+ 54.Ke2 Ke5 55.Rd8 Ke4 56.Kd2 Ra3
57.Re8+ Kf4 58.Rf8+ Kg3 59.Rf5  1/2-1/2

[Event "HUN-chT 9394"]
[Site "?"]
[Date "1994.??.??"]
[Round "?"]
[White "Portisch, Ferenc"]
[Black "Kecskes, Gabor"]
[Result "1-0"]
[WhiteElo "2385"]
[BlackElo "2195"]

1.d4 d5 2.c4 c6 3.Nf3 Nf6 4.Nc3 a6 5.e3 b5 6.b3 Bg4 7.Be2 e6 8.O-O Nbd7 9.Nd2 Bxe2
10.Qxe2 Be7 11.e4 dxc4 12.bxc4 e5 13.d5 b4 14.Na4 c5 15.Nb2 O-O 16.Nd3 Bd6
17.Bb2 Qc7 18.Rae1 Rae8 19.Qd1 Re7 20.g3 Rfe8 21.Nf3 Nb6 22.Qc2 Nfd7 23.Nh4 g6
24.f3 a5 25.Nf2 h5 26.g4 Nf6 27.Ng2 Nbd7 28.Qd2 Kg7 29.Ne3 Rh8 30.Kh1 Ree8
31.g5 Nh7 32.Rg1 Rhf8 33.f4 Kg8 34.f5 Qd8 35.Nh3 Qb8 36.Ng2 Qb6 37.Nh4 Be7
38.Ref1 Bd8 39.Rf2 Qd6 40.Rgf1 a4 41.Rg2 Nb6 42.Qc2 a3 43.Ba1 Nd7 44.Rfg1 Qa6
45.Nf2 Bc7 46.Nd3 Re7 47.Rc1 Rb8 48.Qf2 Qb6 49.f6 Ree8 50.Nxg6  1-0

[Event "JUG-chT"]
[Site "Igalo"]
[Date "1994.??.??"]
[Round "?"]
[White "Itkis, Boris"]
[Black "Simic, Radoslav"]
[Result "1/2-1/2"]
[WhiteElo "2455"]
[BlackElo "2490"]

1.d4 d5 2.c4 c6 3.Nf3 Nf6 4.Nc3 a6 5.c5 g6 6.Bf4 Bg7 7.h3 Ne4 8.Nxe4 dxe4
9.Ne5 Be6 10.e3 Nd7 11.Nxd7 Qa5+ 12.Qd2 Qxd2+ 13.Kxd2 Kxd7 14.b4 Bd5 15.Be2 Rhe8
16.Rhd1 e5 17.dxe5 Bxe5 18.Bxe5 Rxe5 19.Kc3 Kc7 20.Bc4 Bxc4 21.Kxc4 a5 22.a3 axb4
23.Kxb4 Rg5 24.g3 Rf5  1/2-1/2

[Event "IND-ch"]
[Site "?"]
[Date "1994.??.??"]
[Round "15"]
[White "Hegde, Ravi Gopal"]
[Black "Shetty, Rahul"]
[Result "0-1"]
[WhiteElo "2380"]
[BlackElo "2340"]

1.d4 Nf6 2.c4 c6 3.Nc3 d5 4.Nf3 a6 5.cxd5 cxd5 6.Bg5 Ne4 7.Bd2 Nc6 8.e3 Bg4
9.Be2 e6 10.h3 Bh5 11.Nxe4 dxe4 12.Ne5 Nxe5 13.dxe5 Bxe2 14.Qxe2 Qg5 15.Bc3 Qxg2
16.O-O-O g6 17.Rhg1 Qf3 18.Qd2 Be7 19.Qd7+ Kf8 20.Qxb7 Rd8 21.Rxd8+ Bxd8
22.Rg4 Qxh3 23.Qxe4 Qf1+ 24.Kc2 Qe2+ 25.Kc1 Qf1+ 26.Kc2 Qxf2+ 27.Kb3 Qf5
28.Qg2 g5 29.Rd4 Kg7 30.Qb7 g4 31.Rf4 Qg6 32.a4 h5 33.Qxa6 Bg5 34.Rf1 Rb8+
35.Ka2 Qe4 36.Bd4 Qd5+ 37.Kb1 Ra8 38.Qd3 Rxa4 39.b3 Rb4 40.Kb2 Rxb3+ 41.Qxb3 Qg2+
42.Ka3 Be7+ 43.Ka4 Qxf1  0-1

[Event "Iraklio Schev"]
[Site "Iraklio"]
[Date "1994.??.??"]
[Round "2"]
[White "Zysk, Robert"]
[Black "Porfiriadis, Sotirios"]
[Result "1/2-1/2"]
[WhiteElo "2445"]
[BlackElo "2325"]

1.d4 d5 2.c4 c6 3.Nf3 Nf6 4.Nc3 a6 5.e3 b5 6.b3 Bg4 7.Be2 Nbd7 8.O-O e6 9.Ne5 Bxe2
10.Qxe2 Nxe5 11.dxe5 Nd7 12.f4 Bb4 13.Bb2 O-O 14.cxd5 cxd5 15.Nd1 Rc8 16.a3 Be7
17.Nf2 f5 18.Bd4  1/2-1/2

[Event "Iraklio Schev"]
[Site "Iraklio"]
[Date "1994.??.??"]
[Round "4"]
[White "Grivas, Efstratios"]
[Black "Porfiriadis, Sotirios"]
[Result "1-0"]
[WhiteElo "2475"]
[BlackElo "2325"]

1.d4 d5 2.c4 c6 3.Nf3 Nf6 4.Nc3 a6 5.a4 e6 6.e3 c5 7.cxd5 exd5 8.Be2 Nc6
9.O-O Bd6 10.b3 O-O 11.dxc5 Bxc5 12.Ba3 Bxa3 13.Rxa3 Bg4 14.h3 Bh5 15.Nd4 Bxe2
16.Ndxe2 Qd6 17.Ra2 Rfd8 18.Rd2 Qc5 19.Qc2 d4 20.exd4 Nxd4 21.Nxd4 Rxd4 22.Ne4 Qxc2
23.Nxf6+ gxf6 24.Rxc2 Rb4 25.Rc3 a5 26.Rd1 b5 27.axb5 Rxb5 28.Rd6 f5 29.Rg3+ Kf8
30.Rh6 Rab8 31.Rxh7 Rxb3 32.Rg5 R3b5 33.Rxf5 Rxf5 34.Rh8+ Ke7 35.Rxb8 Kd6
36.g4 Re5 37.Kg2 Kc5 38.h4 Re6 39.Ra8 Kb5 40.h5 a4 41.g5  1-0

[Event "Iraklio Schev"]
[Site "Iraklio"]
[Date "1994.??.??"]
[Round "10"]
[White "Rajkovic, Dusan"]
[Black "Porfiriadis, Sotirios"]
[Result "1/2-1/2"]
[WhiteElo "2505"]
[BlackElo "2325"]

1.d4 d5 2.c4 c6 3.Nf3 Nf6 4.Nc3 a6 5.c5 Bf5 6.Bf4 Nbd7 7.h3 g6 8.Qb3 Qc8
9.e3 Bg7 10.Be2 O-O 11.Na4 Be4 12.O-O Bxf3 13.Bxf3 Ne8 14.Rfd1 Nc7 15.e4 dxe4
16.Bxe4 e6 17.Bg3 Re8 18.Rac1 Nb5 19.Rc4 Qd8 20.Nc3 Nf6 21.Bf3 Nd5 22.Ne2 Qd7
23.a4 Nbc7 24.Nc1 a5 25.Nd3 f6 26.Rc2 Na6 27.Re2 Nab4 28.h4 Nxd3 29.Qxd3 Kf7
30.Qd2 Nb4 31.Bd6 Bf8 32.Bf4 Rad8 33.Be3 Kg8 34.Qc3 Qc7 35.g3 Nd5 36.Qc4 Nxe3
37.Rxe3 Qf7 38.Qc3 Qc7 39.Rde1 Kf7 40.Bd1 Bh6 41.R3e2 Re7 42.Bb3 Rde8 43.h5 f5
44.Qf3 Bg5 45.Kg2 Kf6 46.Re5 Qd7 47.Qc3 Kf7 48.g4 Kf8 49.gxf5 gxf5 50.Qc4 Bf6
51.Rxe6 Rxe6 52.Rxe6 Qxe6 53.Qxe6 Rxe6 54.Bxe6 Bxd4 55.Bxf5 h6 56.Bc8 Bxb2
57.Bxb7 Bd4 58.Bxc6 Bxc5  1/2-1/2

[Event "JUG-chT"]
[Site "JUG"]
[Date "1994.??.??"]
[Round "9"]
[White "Rajkovic, Dusan"]
[Black "Simic, Radoslav"]
[Result "1/2-1/2"]
[WhiteElo "2475"]
[BlackElo "2495"]

1.d4 d5 2.c4 c6 3.Nf3 Nf6 4.Nc3 a6 5.c5 g6 6.Bf4 Bg7 7.e3 O-O 8.Be2 Nbd7
9.h3 Ne8 10.O-O Nc7 11.Qb3 Re8 12.Bg3 e5 13.Na4 exd4 14.Bh4 Bf6 15.Bxf6 Qxf6
16.Nxd4 Ne6 17.Nxe6 Qxe6 18.Rad1 Qe7 19.Qc3 Nf6 20.Bd3 Be6 21.Bc2 Nd7 22.Rd4 f5
23.Rfd1 Nf6 24.f3 Bf7 25.R1d3 Qc7 26.Rb4 Nh5 27.Qd4 a5 28.Rb6 Qg3 29.Rd1 Re7
30.Nc3 Rae8 31.Ne2 Qg5 32.f4 Qh4 33.Rb3 Ng3 34.Nc1 Ne4 35.Rf1 Ng3 36.Rf3 Ne4
37.Rf1 Ng3 38.Rf3 Ne4 39.Rf1 Ng3  1/2-1/2

[Event "Jyvaskyla op"]
[Site "Jyvaskyla"]
[Date "1994.??.??"]
[Round "4"]
[White "Solozhenkin, Evgeniy"]
[Black "Westerinen, Heikki MJ"]
[Result "1-0"]
[WhiteElo "2525"]
[BlackElo "2355"]

1.d4 d5 2.c4 c6 3.Nf3 Nf6 4.Nc3 a6 5.g3 b5 6.c5 Bf5 7.Bg2 e6 8.Ne5 Be7 9.O-O O-O
10.f3 h6 11.e4 Bh7 12.a3 Nfd7 13.Nd3 e5 14.Be3 exd4 15.Bxd4 Bf6 16.Nf2 Bxd4
17.Qxd4 Qe7 18.b4 dxe4 19.Ncxe4 a5 20.f4 Ra6 21.Rfe1 Rd8 22.Rad1 Qf8 23.g4 Bxe4
24.Nxe4 f5 25.gxf5 Qxf5 26.Ng3 Qg4 27.Re7 Rf8 28.Bh3 Qg6 29.Bxd7 Nxd7 30.Rxd7 axb4
31.axb4 Ra3 32.Qb2 Rf3 33.Rd8 Rxf4 34.Qa2+ Kh8 35.Qa8 Kg8 36.Qa2+ Kh8 37.Rxf8+ Rxf8
38.Qd2  1-0

[Event "Kstovo op"]
[Site "Kstovo"]
[Date "1994.??.??"]
[Round "5"]
[White "Anastasian, Ashot"]
[Black "Skomorokhin, Vadim"]
[Result "1/2-1/2"]
[WhiteElo "2540"]
[BlackElo "2375"]

1.d4 d5 2.c4 c6 3.Nc3 Nf6 4.Nf3 a6 5.a4 g6 6.Bf4 Nh5 7.Be5 f6 8.Bxb8 Rxb8
9.e3 Bg4 10.Be2 e6 11.O-O f5 12.Ne5 Bxe2 13.Nxe2 Bd6 14.Nf3 a5 15.cxd5 exd5
16.g3 Qe7 17.Nf4 Nf6 18.h4 Ng4 19.Re1 Qf6 20.Nh2 Nxh2 21.Kxh2 h5 22.Kg1 g5
23.Ng2 Kd7 24.Qf3 Rbg8 25.Kf1 Rh6 26.hxg5 Rxg5 27.Ke2 Qd8 28.Kd1 Qb6 29.Kc2 Qb4
30.Red1 Qc4+ 31.Kb1 Rh8 32.Ne1 h4 33.gxh4 Rxh4 34.Nd3 Rhg4 35.Nc1 Rg2 36.b3 Qb4
37.Ra2 Kc7 38.Rc2 Kb8 39.Re2 Rh2 40.Rh1 Rxh1 41.Qxh1  1/2-1/2

[Event "Liechtenstein op"]
[Site "Liechtenstein"]
[Date "1994.??.??"]
[Round "4"]
[White "Kelecevic, Nedeljko"]
[Black "Atlas, Dimitry"]
[Result "1-0"]
[WhiteElo "2455"]
[BlackElo "2355"]

1.d4 d5 2.Nf3 Nf6 3.c4 c6 4.Nc3 a6 5.Qb3 g6 6.cxd5 cxd5 7.Bg5 e6 8.Ne5 Be7
9.Rc1 O-O 10.e3 Nbd7 11.Be2 Nxe5 12.dxe5 Nd7 13.Bxe7 Qxe7 14.f4 Qc5 15.Kf2 Qa7
16.Bf3 f6 17.Nxd5 fxe5 18.Nc7 Nf6 19.Nxa8 Qxa8 20.Rhd1 e4 21.Be2 b5 22.Rc7 Qb8
23.Qc3 Bb7 24.Qe5 Nd5 25.Rxd5  1-0

[Event "Linares NL"]
[Site "Linares"]
[Date "1994.??.??"]
[Round "1"]
[White "Browne, Walter S"]
[Black "Illescas Cordoba, Miguel"]
[Result "1/2-1/2"]
[WhiteElo "2530"]
[BlackElo "2590"]

1.d4 d5 2.c4 c6 3.Nf3 Nf6 4.Nc3 a6 5.b3 Bf5 6.e3 e6 7.Bb2 Nbd7 8.Bd3 Bxd3
9.Qxd3 b5 10.O-O Be7 11.cxb5 cxb5 12.a4 b4 13.Nb1 O-O 14.Nbd2 Qb6 15.Rfc1 Rfc8
16.Rc2 Qb7 17.Rac1 h6 18.Ne5 Nxe5 19.dxe5 Nd7 20.Bd4 Rxc2 21.Qxc2 Bc5 22.Nf3 Bxd4
23.exd4 Nb6 24.Qd2 Rc8 25.Ne1 a5 26.Nd3 Rxc1+ 27.Qxc1 Nd7 28.Kf1 Qa7 29.Qc8+ Kh7
30.Ke2 f6 31.exf6 Nxf6 32.Qc5 Qf7 33.f3 Qg6 34.g3 Qh5 35.h4 Ne4 36.g4 Nxc5
37.gxh5 Nxb3 38.Ke3 g6 39.Nf4 gxh5 40.Nxe6 Kg6 41.Nf4+ Kf5 42.Nxd5 Na1 43.Kd3 b3
44.Ne3+ Kf4 45.Nc4 Nc2 46.d5 Nb4+ 47.Kd4 Kg3 48.d6 Nc6+ 49.Kc5 Nd8 50.d7 Kxh4
51.Kd6 Kg3 52.Kc7 Nf7 53.Ne5 b2 54.Nxf7 b1=Q 55.d8=Q Qc2+ 56.Kb6 Qb3+ 57.Kxa5 Qxf7
58.Qd6+ Kxf3 59.Qxh6 Kg4 60.Qd2 Qf4 61.Qg2+ Kf5  1/2-1/2

[Event "Ljubljana op"]
[Site "Ljubljana"]
[Date "1994.??.??"]
[Round "?"]
[White "Tregubov, Pavel V"]
[Black "Bukal, Vladimir Sr"]
[Result "1-0"]
[WhiteElo "2495"]
[BlackElo "2405"]

1.d4 d5 2.c4 c6 3.Nf3 Nf6 4.Nc3 a6 5.e3 b5 6.b3 Bg4 7.Be2 e6 8.Ne5 Bxe2 9.Qxe2 Bb4
10.Bd2 Qa5 11.Rc1 Ne4 12.Nxe4 dxe4 13.f3 f6 14.Ng4 exf3 15.gxf3 Bxd2+ 16.Qxd2 Qxd2+
17.Kxd2 Kf7 18.Nf2 Rd8 19.Kc3 a5 20.Kb2 Na6 21.Rhd1 Ra7 22.Ne4 Rad7 23.a3 e5
24.cxb5 cxb5 25.Rc6 Nb8 26.Rb6 exd4 27.exd4 Rd5 28.Nc3 Rh5 29.Rd2 b4 30.axb4 axb4
31.Rxb4 Rf5 32.Rb7+ Nd7 33.Ne4 Rxf3 34.Re2 Kg8 35.Nc5 Nf8 36.Ree7 g5 37.Ne4 Rf4
38.Kc3 h5 39.Kd3  1-0

[Event "Ljubljana op"]
[Site "Ljubljana"]
[Date "1994.??.??"]
[Round "?"]
[White "Misanovic, Vesna"]
[Black "Vospernik, Zdravko"]
[Result "1-0"]
[WhiteElo "2340"]
[BlackElo "2180"]

1.d4 d5 2.c4 c6 3.Nc3 Nf6 4.Nf3 a6 5.e3 b5 6.cxd5 cxd5 7.Be2 e6 8.O-O Be7
9.Bd2 O-O 10.Rc1 Bb7 11.Ne5 Nfd7 12.Nd3 Nc6 13.Be1 Na5 14.a4 Bc6 15.Na2 Rc8
16.Nab4 Bb7 17.Rxc8 Bxc8 18.axb5 axb5 19.Qa1 Bb7 20.Nxd5 Bxd5 21.Qxa5 Qa8
22.f3 Qb7 23.Bg3 Bc4 24.Ra1 Bg5 25.Kf2 Nb6 26.Qa7 Qxa7 27.Rxa7 Na4 28.Bd6 Rc8
29.Ba3 Nb6 30.Ne5 Bxe3+ 31.Kxe3 Nd5+ 32.Kf2 Bxe2 33.Kxe2 b4 34.Kd2 bxa3 35.bxa3 f6
36.Nd3 Rc4 37.Nc5 Rxd4+ 38.Ke1 Nf4 39.g3 Rc4 40.Ne4 Nd5 41.Ra8+  1-0

[Event "Paris-London"]
[Site "London"]
[Date "1994.??.??"]
[Round "5"]
[White "Ward, Christopher"]
[Black "Payen, Arnaud"]
[Result "1/2-1/2"]
[WhiteElo "2490"]
[BlackElo "2310"]

1.d4 d5 2.c4 c6 3.Nc3 Nf6 4.Nf3 a6 5.e3 b5 6.b3 Bg4 7.h3 Bxf3 8.gxf3 e6 9.f4 Bb4
10.Bd2 O-O 11.c5 Bxc3 12.Bxc3 Ne4 13.Qc2 a5 14.a4 Nxc3 15.Qxc3 b4 16.Qc2 Qh4
17.O-O-O f5 18.Bd3 Ra7 19.Rdg1 g6 20.Rg3 Rg7 21.Rhg1 Kh8 22.Qe2  1/2-1/2

[Event "Lloyds Bank op"]
[Site "London"]
[Date "1994.??.??"]
[Round "5"]
[White "Zilberman, Yaacov"]
[Black "Rotman, Daniel"]
[Result "1-0"]
[WhiteElo "2460"]
[BlackElo "2240"]

1.d4 d5 2.c4 c6 3.Nf3 Nf6 4.Nc3 a6 5.c5 g6 6.Bf4 Nh5 7.Be5 Bg7 8.Bxg7 Nxg7
9.Qd2 O-O 10.Rg1 Nd7 11.e4 dxe4 12.Nxe4 Nf6 13.Nc3 Be6 14.Be2 Bd5 15.Ne5 Ne6
16.O-O-O Qa5 17.Nxd5 Qxd2+ 18.Rxd2 Nxd5 19.Bg4 Nec7 20.Rgd1 Rfd8 21.g3 Kg7
22.Rd3 a5 23.Rb3 Ra7 24.a3 Nf6 25.Bf3 Nfd5 26.Kc2 a4 27.Rbd3 Raa8 28.h4 Nb5
29.Nc4 Nbc7 30.R1d2 Rd7 31.Re2 Re8 32.Re1 Nb5 33.Ne5 Rdd8 34.Red1 Ra8 35.Bxd5 cxd5
36.Nd7 Ra6 37.Nb6 e6 38.Re3 Rd8 39.Kd3 Nd6 40.Ree1 Ne4 41.Re2 Nd6 42.Rc2 Nb5
43.g4 Na7 44.Rdd2 Kf6 45.Kc3 Nc6 46.Rd3 Ke7 47.Re2 Kf8 48.Rh3 Na7 49.f4 Nb5+
50.Kd3 Nd6 51.h5 Ne4 52.hxg6 hxg6 53.f5 Kg7 54.Reh2 Ng5 55.Re3 Ne4 56.Rf3 exf5
57.gxf5 g5 58.Rfh3 Nf6 59.Kc3 Re8 60.Kb4 Re4 61.Rd3 Rf4 62.Kb5 Rxf5 63.c6 Rxb6+
64.Kxb6 bxc6 65.Kxc6 Rf1 66.Kb5 Ne4 67.Kxa4 f5 68.b4 f4 69.b5 g4 70.b6 Nd6
71.Rb3 Kg6 72.b7 Nxb7 73.Rxb7 g3 74.Rh8 Kf5 75.Rg8 Ke4 76.Rf7 Ke3 77.Rxg3+  1-0

[Event "SWZ-ch int"]
[Site "Luzern"]
[Date "1994.??.??"]
[Round "3"]
[White "Forster, Richard"]
[Black "Wirthensohn, Heinz"]
[Result "1/2-1/2"]
[WhiteElo "2380"]
[BlackElo "2420"]

1.d4 d5 2.c4 c6 3.Nc3 Nf6 4.Nf3 a6 5.a4 e6 6.g3 dxc4 7.Bg2 c5 8.dxc5 Qxd1+
9.Nxd1 Nc6 10.Bd2 Bxc5 11.Rc1 Bd7 12.Rxc4  1/2-1/2